| 000 | 00579nam a22002057a 4500 | ||
|---|---|---|---|
| 005 | 20220701165042.0 | ||
| 008 | 220701b ||||| |||| 00| 0 eng d | ||
| 020 | _a5010005131 | ||
| 040 | _cAL | ||
| 041 | _aEnglish | ||
| 082 |
_223 _a341.481 _bMOVH |
||
| 100 |
_aAnatoly Movchan _946607 |
||
| 245 | _aHuman Rights and International Relations | ||
| 260 |
_aMoscow _bProgress Publishers _c1982 |
||
| 300 |
_a248 p. _bPB _c16.5x10.5 cm. |
||
| 650 |
_aHuman rights _946608 |
||
| 650 |
_aInternational relations _946609 |
||
| 700 |
_aMOVCHAN (Anatoly) _946610 |
||
| 942 |
_2ddc _cGF |
||
| 999 |
_c223570 _d223570 |
||